|
|
|
|
| LEADER |
02915nam a2200433 4500 |
| 001 |
ocn170923844 |
| 003 |
OCoLC |
| 005 |
20180501122000.0 |
| 006 |
m o d |
| 007 |
cr cnu---unuuu |
| 008 |
070911s2004 ne ob 001 1 eng d |
| 040 |
|
|
|a N$T
|b eng
|e pn
|c N$T
|d OCLCQ
|d YDXCP
|d OCLCQ
|d NRU
|d OCLCQ
|d OPELS
|d OCLCQ
|d OCLCF
|d OCLCQ
|d UKDOC
|d E7B
|d UBY
|d EBLCP
|d DEBSZ
|d OCLCQ
|d OCLCO
|d OCLCQ
|d ESU
|d OCLCQ
|d GrThAP
|
| 019 |
|
|
|a 505088966
|a 648270209
|a 795820789
|a 808616300
|
| 020 |
|
|
|a 9780080495712
|q (electronic bk.)
|
| 020 |
|
|
|a 0080495710
|q (electronic bk.)
|
| 020 |
|
|
|a 012366229X
|q (electronic bk.)
|
| 020 |
|
|
|a 9780123662293
|q (electronic bk.)
|
| 035 |
|
|
|a (OCoLC)170923844
|z (OCoLC)505088966
|z (OCoLC)648270209
|z (OCoLC)795820789
|z (OCoLC)808616300
|
| 050 |
|
4 |
|a RC570
|b .I5eb vol. 29
|
| 082 |
0 |
4 |
|a 362.3
|2 22
|
| 049 |
|
|
|a TEFA
|
| 245 |
0 |
0 |
|a International review of research in mental retardation.
|n Volume 29 /
|c edited by Laraine Masters Glidden.
|
| 260 |
|
|
|a Amsterdam ;
|a Boston :
|b Elsevier Academic Press,
|c ©2004.
|
| 300 |
|
|
|a 1 online resource.
|
| 336 |
|
|
|a text
|b txt
|2 rdacontent
|
| 337 |
|
|
|a computer
|b c
|2 rdamedia
|
| 338 |
|
|
|a online resource
|b cr
|2 rdacarrier
|
| 490 |
1 |
|
|a International review of research in mental retardation ;
|v v. 29
|
| 500 |
|
|
|a Title from PDF title page (viewed Sep. 11, 2007).
|
| 504 |
|
|
|a Includes bibliographical references and index.
|
| 520 |
|
|
|a International Review of Research in Mental Retardation is an ongoing scholarly look at research into the causes, effects, classification systems, syndromes, etc. of mental retardation. Contributors come from wide-ranging perspectives, including genetics, psychology, education, and other health and behavioral sciences.
|
| 505 |
0 |
|
|a Behavioral Phenotypes: Going Beyond the Two-Group Approach -- Prenatal Drug Exposure and Mental Retardation -- Spina Bifida: Genes, Brain, and Development -- The Role of the Basal Ganglia in the Expression of Stereotyped, Self-Injurious Behaviors in Developmental Disorders -- Risk Factors for Alzheimer's Disease in Down Syndrome -- Precursors of Mild Mental Retardation in Children with Adolescent Mothers -- The Ecological Context of Challenging Behavior in Young Children with Developmental Disabilities -- Employment and Intellectual Disability: Achieving Successful Employment Outcomes -- Technology Use and People with Mental Retardation.
|
| 650 |
|
0 |
|a Mental retardation
|x Research.
|
| 650 |
|
7 |
|a Mental retardation
|x Research.
|2 fast
|0 (OCoLC)fst01016646
|
| 655 |
|
4 |
|a Electronic books.
|
| 700 |
1 |
|
|a Glidden, Laraine Masters,
|d 1943-
|
| 776 |
0 |
8 |
|i Print version:
|a Glidden, Laraine Masters.
|t International Review of Research in Mental Retardation.
|d Burlington : Elsevier, ©2004
|z 9780123662293
|
| 830 |
|
0 |
|a International review of research in mental retardation ;
|v v. 29.
|
| 856 |
4 |
0 |
|u https://www.sciencedirect.com/science/bookseries/00747750/29
|z Full Text via HEAL-Link
|